Finančné ohodnotenie podnikateľskej činnosti Virginskej skupiny (Virgin group) a úspech Richarda Bransona
Richard Branson - jeho aktivity, jeho filozofia. Význam základného mena firmy Virgin pre úspešný rozvoj firmy R. Bransona. Úspešný branding značky pri oslovovaní zákazníkov.
Salvato in:
| Autore principale: | |
|---|---|
| Natura: | Capitolo di libro |
| Lingua: | slovacco |
| Soggetti: | |
| Tags: |
Nessun Tag, puoi essere il primo ad aggiungerne!!
|
MARC
| LEADER | 00000nla$a2200000$$$4500 | ||
|---|---|---|---|
| 001 | 0122785 | ||
| 005 | 20240502072404.3 | ||
| 041 | 0 | |a slo | |
| 044 | |a SK | ||
| 245 | 1 | 0 | |a Finančné ohodnotenie podnikateľskej činnosti Virginskej skupiny (Virgin group) a úspech Richarda Bransona |c Peter Jamnický |
| 520 | |a Richard Branson - jeho aktivity, jeho filozofia. Význam základného mena firmy Virgin pre úspešný rozvoj firmy R. Bransona. Úspešný branding značky pri oslovovaní zákazníkov. | ||
| 610 | 2 | 0 | |a firmy |
| 610 | 2 | 0 | |a rozvoj podniku |
| 610 | 2 | 0 | |a značky výrobné |
| 610 | 2 | 0 | |a značky kvality |
| 610 | 2 | 0 | |a manažment |
| 100 | 1 | |a Jamnický, Peter | |